01329cam a2200289 a 4500999001300000001000500013003000900018005001700027008004100044010001700085020001500102040003800117082001900155100001700174245010900191260005700300300004800357504005100405650003900456650001900495906004500514942001200559952011700571952011700688952011700805952011700922 c468d4685645BD-DhUAP20200122151658.0960906s1997 maua b 001 0 eng  a 96043309  a8120308689 aBD-DhUAPcBD-DhUAPdBD-DhUAPbEng00a006.32 KOS223 aKosko, Bart.10aNeural networks and fuzzy systems :ba dynamical systems approach to machine intelligence /cBart Kosko. aNew Delhi :bPrentice hall,cc1992 [Reprinted 2001]. axxvii, 449 pages :billustrations ;c24 cm. aIncludes bibliographical references and index. 0aNeural networks (Computer science) 0aFuzzy systems. a7bcbccorignewd1eocipf19gy-gencatlg 2ddccBK 00102ddc4070aUAPCLbUAPCLcGeneral Stacksd2020-01-22o006.32 KOSp3010005645r2020-01-22t1w2020-01-22yBK 00102ddc4070aUAPCLbUAPCLcGeneral Stacksd2020-01-22o006.32 KOSp3010006945r2020-01-22t2w2020-01-22yBK 00102ddc4070aUAPCLbUAPCLcGeneral Stacksd2020-01-22o006.32 KOSp3010005646r2020-01-22t3w2020-01-22yBK 00102ddc4070aUAPCLbUAPCLcGeneral Stacksd2020-01-22o006.32 KOSp3010005647r2020-01-22t4w2020-01-22yBK